000 01276 a2200217 4500
003 Nust
005 20230130131940.0
010 _a 81138581
020 _a0283986824
040 _cNust
082 0 0 _a909.81
100 1 _aTerraine, John.
_948958
245 1 4 _aThe smoke and the fire :
_bmyths and anti-myths of war, 1861-1945 /
_cJohn Terraine.
260 _aLondon :
_bSidgwick and Jackson,
_c1980.
300 _a240 p., [16] p. of plates :
_bill. ;
_c25 cm.
505 _aMyth and Legend (Page-17), The Smoke and The Fire (Page-22), The Great Casualty Myth (Page-35), An Aside on Casualties (Page-40), Anti-Myth (Page-43), Myth Making (Page-48), Anti-Myth (Page-63), Anti-Myth (Page-67), Aside (Page-84), Anti-Myth (Page-89), A Fount of Myth (Page-100), Anti-Myth (Page-111), Anti-Myth (Page-127), Somme Myths (Page-130), Somme Myths (Page-143), Somme Myths (Page-148), Somme Myths (Page-161), Anti-Myth (Page-168), Somme Myths (Page-170), Anti-Myth (Page-182), Myths and Anti-Myth (Page-187), The Futile Myth (Page-204), Anti-Myth (Page-219), The Futile Myth (Page-220).
650 0 _aWorld War, 1914-1918
_xCampaigns.
650 0 _aWorld War, 1939-1945
_xCampaigns.
651 0 _aUnited States
_xHistory
_yCivil War, 1861-1865
_xCampaigns.
_97712
942 _2ddc
_cBK
999 _c185739
_d185739